000 00659nam a2200277Ia 4500
005 20260324115955.0
008 008 260324s9999 xx 000 0 eng d
020 _a9781315719054
037 _aEBOOK
040 _aCRL
040 _beng
040 _cCRL
041 _2eng
041 _aeng
084 _qCRL
100 _aCathie Carmichael; Richard C. Maguire
_91156724
245 4 _aThe Routledge History of Genocide
260 _bTaylor and Francis
260 _c2015
365 _a
365 _b360
856 _uhttp://www.taylorfrancis.com/books/9781315719054
942 _cEBOOK
999 _c1747994
_d1747994